Loving him
| Main Author: | |
|---|---|
| Format: | Book |
| Published: |
London :
Pocket books ,
2005
|
| Subjects: |
MARC
| LEADER | 00000cam a2200000 7i4500 | ||
|---|---|---|---|
| 001 | 0000009581 | ||
| 005 | 20071001.0 | ||
| 008 | 071001 | ||
| 020 | |a 0743450183 | ||
| 090 | 0 | 0 | |a ORI |b ENG |
| 100 | 1 | |a O'riordan,Kate | |
| 245 | 1 | 0 | |a Loving him |c Kate O'riordan |
| 260 | |a London : |b Pocket books , |c 2005 | ||
| 650 | 0 | |a English fiction | |
| 999 | |a 0000995753 |b Book |c Adult Collection |e Perbadanan Perpustakaan Awam Johor | ||
| 999 | |a 0000995755 |b Book |c Adult Collection |e Perbadanan Perpustakaan Awam Johor | ||